Principle of communication systems

Saved in:
Bibliographic Details
Main Author: Taub, Herbert
Format: Book
Language:Undetermined
Published: Tokyo McGraw Hill Kogakusha 1971
Subjects:
Tags: Add Tag
No Tags, Be the first to tag this record!
Institutions: Trung tâm Học liệu Trường Đại học Cần Thơ
LEADER 00484nam a2200181Ia 4500
001 CTU_97583
008 210402s9999 xx 000 0 und d
082 |a 621.38 
082 |b T222 
100 |a Taub, Herbert 
245 0 |a Principle of communication systems 
245 0 |c Herbert Taub 
260 |a Tokyo 
260 |b McGraw Hill Kogakusha 
260 |c 1971 
650 |a Telecommunication systems 
904 |i Trúc 
980 |a Trung tâm Học liệu Trường Đại học Cần Thơ